000 00676nam a2200229Ia 4500
003 GCL
008 140319s9999 xx 000 0 ara d
040 _aGCL /
_cGCL
082 0 4 _a371.3
_bم ا
100 1 _aمجدى عزيز ابراهيم
245 1 0 _aالاصول التربوية لعملية التدريس /
_cمجدى عزيز ابراهيم
260 _a[S.N] :
_bمكتبة الانجلوالمصرية ،
_c1993
300 _a297 ص
490 _a
650 0 4 _aطرق التدريس
650 0 4 _aالتعليم
650 0 4 _aالتربية
650 0 4 _aالتخطيط
650 0 4 _aالتدريس
650 0 4 _aالمدرسون
942 _2ddc
_cBK
999 _c32610
_d32610